[Event "Muensterland Verbandsklasse 1920"]
[Site "Germany"]
[Date "2020.02.15"]
[Round "6.1"]
[White "Van Dijk, Guido"]
[Black "Wienen, Hermann"]
[Result "1/2-1/2"]
[WhiteElo "1798"]
[BlackElo "1966"]
[PlyCount "44"]
[EventDate "2019.09.14"]
[EventType "team-tourn"]
[EventRounds "7"]
[EventCountry "GER"]
[SourceTitle "EXT 2023"]
[Source "ChessBase"]
[SourceDate "2022.10.05"]
[SourceVersion "1"]
[SourceVersionDate "2022.10.05"]
[SourceQuality "1"]
[WhiteTeam "Rheine Klein Berlin II"]
[BlackTeam "Heiden"]
[WhiteTeamCountry "GER"]
[BlackTeamCountry "GER"]

1. e4 e5 2. Nf3 Nc6 3. Bc4 Bc5 4. Nc3 Nf6 5. d3 h6 6. Be3 Bxe3 7. fxe3 d6 8. a3 Ne7 9. Nd5 Nexd5 10. exd5 0-0 11. e4 Ng4 12. Qe2 f5 13. h3 fxe4 14. dxe4 Nf6 15. 0-0-0 Nh5 16. Qe3 Qf6 17. Kb1 Qf4 18. Rhe1 Bxh3 19. Nxe5 Qxe5 20. Qxh3 Rae8 21. Re3 Rf7 22. Rf3 Rxf3 1/2-1/2

[Event "Muensterland Regionalliga 1617"]
[Site "Germany"]
[Date "2017.03.11"]
[Round "7.8"]
[White "Wuestnienhaus, Andreas"]
[Black "Van Dijk, Guido"]
[Result "1/2-1/2"]
[WhiteElo "1888"]
[BlackElo "1712"]
[PlyCount "31"]
[EventDate "2016.09.17"]
[EventType "team"]
[EventRounds "9"]
[EventCountry "GER"]
[SourceTitle "EXT 2018"]
[Source "ChessBase"]
[SourceDate "2017.10.13"]
[SourceVersion "1"]
[SourceVersionDate "2017.10.13"]
[SourceQuality "1"]
[WhiteTeam "Bocholt"]
[BlackTeam "Rheine Klein Berlin"]
[WhiteTeamCountry "GER"]
[BlackTeamCountry "GER"]

1. d4 c6 2. c4 d5 3. cxd5 cxd5 4. Nc3 Nf6 5. Nf3 Nc6 6. Bg5 e6 7. e3 Bb4 8. Qb3 0-0 9. Rc1 h6 10. Bh4 Qb6 11. Bd3 Bxc3+ 12. Rxc3 Qxb3 13. Rxb3 b6 14. Ke2 Bb7 15. Rc1 Rfc8 16. a3 1/2-1/2

[Event "Muensterland Verbandsklasse 1617"]
[Site "Germany"]
[Date "2016.12.10"]
[Round "4.2"]
[White "Fasselt, Hendrik"]
[Black "Van Dijk, Guido"]
[Result "1/2-1/2"]
[WhiteElo "1830"]
[BlackElo "1726"]
[PlyCount "71"]
[EventDate "2016.09.24"]
[EventType "team"]
[EventRounds "9"]
[EventCountry "GER"]
[SourceTitle "EXT 2018"]
[Source "ChessBase"]
[SourceDate "2017.10.13"]
[SourceVersion "1"]
[SourceVersionDate "2017.10.13"]
[SourceQuality "1"]
[WhiteTeam "Raesfeld Erle II"]
[BlackTeam "Rheine Klein Berlin II"]
[WhiteTeamCountry "GER"]
[BlackTeamCountry "GER"]

1. b3 d5 2. Bb2 Nf6 3. e3 c5 4. Nf3 Bg4 5. Be2 Nc6 6. d3 e6 7. Nbd2 Be7 8. 0-0 0-0 9. c4 Qc7 10. Rc1 b6 11. h3 Bh5 12. Re1 Rfd8 13. Qc2 dxc4 14. Nxc4 Bg6 15. a3 Nd7 16. Red1 Rac8 17. Qb1 Qb8 18. Qa1 Bf6 19. Bxf6 Nxf6 20. Nce5 Nxe5 21. Nxe5 Rd5 22. Nxg6 hxg6 23. Rc4 Rcd8 24. b4 cxb4 25. axb4 R5d7 26. Rdc1 Nd5 27. d4 Rc7 28. Rxc7 Nxc7 29. b5 Nd5 30. Qa6 Ne7 31. Qa3 Rd7 32. Bf3 Rc7 33. Ra1 Qd8 34. g3 Qd7 35. Qb2 Nd5 36. Ra3 1/2-1/2

[Event "Muensterland Verbandsklasse 1516"]
[Site "Germany"]
[Date "2016.05.28"]
[Round "9.1"]
[White "Van Dijk, Guido"]
[Black "Melkert, Tim"]
[Result "0-1"]
[WhiteElo "1717"]
[BlackElo "1902"]
[PlyCount "90"]
[EventDate "2015.09.19"]
[EventType "team"]
[EventRounds "9"]
[EventCountry "GER"]
[SourceTitle "EXT 2017"]
[Source "ChessBase"]
[SourceDate "2016.10.25"]
[SourceVersion "1"]
[SourceVersionDate "2016.10.25"]
[SourceQuality "1"]
[WhiteTeam "Rheine Klein Berlin II"]
[BlackTeam "Nienberge II"]
[WhiteTeamCountry "GER"]
[BlackTeamCountry "GER"]

1. e4 e6 2. d4 d5 3. exd5 exd5 4. Bd3 Nc6 5. c3 Bd6 6. Nf3 Bg4 7. h3 Bh5 8. Be3 Nf6 9. Nbd2 Qd7 10. Qc2 Bg6 11. Nh4 Bxd3 12. Qxd3 Ne7 13. g4 h6 14. 0-0-0 0-0-0 15. f4 g6 16. Nhf3 h5 17. Ne5 Bxe5 18. fxe5 Ne8 19. Bg5 Ng7 20. Qf3 Ne6 21. Bf6 Rh7 22. Kb1 Re8 23. Rdf1 c5 24. Nb3 c4 25. Na1 b5 26. Nc2 Nc6 27. Ne3 Nc7 28. a3 a5 29. h4 b4 30. axb4 axb4 31. Kc2 bxc3 32. bxc3 Na5 33. Ra1 Nb3 34. Ra7 hxg4 35. Qg2 Kb8 36. Ra2 Rh5 37. Rf1 Re6 38. Qxg4 Qb5 39. Rb1 Rb6 40. Kd1 Ra6 41. Rab2 Qa5 42. Bd8 Qxc3 43. Bxc7+ Kb7 44. Nxd5 Qd3+ 45. Rd2 Qxd2# 0-1

[Event "Muensterland Verbandsklasse 1516"]
[Site "Germany"]
[Date "2016.03.12"]
[Round "7.1"]
[White "Boelker, Franz"]
[Black "Van Dijk, Guido"]
[Result "1-0"]
[WhiteElo "1788"]
[BlackElo "1717"]
[PlyCount "148"]
[EventDate "2015.09.19"]
[EventType "team"]
[EventRounds "9"]
[EventCountry "GER"]
[SourceTitle "EXT 2017"]
[Source "ChessBase"]
[SourceDate "2016.10.25"]
[SourceVersion "1"]
[SourceVersionDate "2016.10.25"]
[SourceQuality "1"]
[WhiteTeam "Raesfeld Erle II"]
[BlackTeam "Rheine Klein Berlin II"]
[WhiteTeamCountry "GER"]
[BlackTeamCountry "GER"]

1. d4 c6 2. c4 d5 3. Nc3 Nf6 4. Nf3 e6 5. Bg5 Bb4 6. Nd2 Nbd7 7. e3 h6 8. Bh4 Qa5 9. Qc2 0-0 10. Be2 Ne4 11. Ndxe4 dxe4 12. 0-0 Bxc3 13. bxc3 f5 14. Be7 Rf7 15. Bb4 Qd8 16. Rad1 Nf6 17. Qb3 b6 18. c5 b5 19. a4 a6 20. c4 bxc4 21. Bxc4 Rb8 22. Rb1 Nd5 23. Bxd5 exd5 24. Qc3 Qg5 25. Ba5 Rfb7 26. Rb6 Rxb6 27. cxb6 Bb7 28. Bb4 Re8 29. Bd6 Qd8 30. Qc5 Re6 31. Be5 Qe7 32. Qc3 Rg6 33. Bf4 Re6 34. f3 Rg6 35. Be5 Qg5 36. Qd2 h5 37. Qf2 Qe7 38. fxe4 fxe4 39. g3 h4 40. Qf5 Rg5 41. Qf2 hxg3 42. Bxg3 Rg6 43. Qf4 Rf6 44. Qb8+ Kf7 45. Rxf6+ Kxf6 46. Bh4+ g5 47. Qh8+ Kg6 48. Qg8+ Kf5 49. Bg3 a5 50. Qb8 Ba6 51. Qa7 Bb7 52. Qxa5 Qa3 53. Qd2 Qxa4 54. Qf2+ Kg6 55. Be5 Qd1+ 56. Kg2 Qg4+ 57. Bg3 Bc8 58. Kg1 Qd1+ 59. Kg2 Qg4 60. Qf8 Qe2+ 61. Bf2 Bg4 62. Qg8+ Kf6 63. Qf8+ Kg6 64. Qe8+ Kg7 65. Qe5+ Kg6 66. Qe8+ Kg7 67. Qe7+ Kg6 68. h4 Bf3+ 69. Kg3 gxh4+ 70. Qxh4 Bh5 71. Qf4 Bf3 72. b7 Qf1 73. b8Q Qg2+ 74. Kh4 Qh1+ 1-0

[Event "Steinfurt Bezirksliga 1415"]
[Site "Germany"]
[Date "2015.01.31"]
[Round "6.1"]
[White "Van Dijk, Guido"]
[Black "Lardinois, Wouter"]
[Result "1-0"]
[WhiteElo "1720"]
[BlackElo "1770"]
[PlyCount "81"]
[EventDate "2014.09.06"]
[EventType "team-tourn"]
[EventRounds "9"]
[EventCountry "GER"]
[SourceTitle "EXT 2016"]
[Source "ChessBase"]
[SourceDate "2015.10.08"]
[SourceVersion "1"]
[SourceVersionDate "2015.10.08"]
[SourceQuality "1"]
[WhiteTeam "Rheine Klein Berlin II"]
[BlackTeam "Emsdetten Rochade III"]
[WhiteTeamCountry "GER"]
[BlackTeamCountry "GER"]

1. e4 d5 2. exd5 Nf6 3. d4 Nxd5 4. c4 Nf6 5. Nf3 Bf5 6. Bd3 Bxd3 7. Qxd3 e6 8. 0-0 Be7 9. Qb3 Qc8 10. Nc3 0-0 11. h3 Rd8 12. Re1 c6 13. Bf4 Bd6 14. Be5 b6 15. Rad1 Na6 16. a3 Bxe5 17. dxe5 Nc5 18. Qc2 Ne8 19. b4 Nd7 20. Qe4 h6 21. g4 a5 22. Nd4 Nb8 23. b5 c5 24. Qxa8 cxd4 25. Na4 Qxc4 26. Nxb6 Qxb5 27. Rb1 Qd3 28. Nd7 Nc7 29. Qxa5 Rxd7 30. Rxb8+ Kh7 31. Qa4 Rd5 32. Qb3 Qd2 33. Rd1 Qf4 34. Qc2+ d3 35. Qxc7 Qf3 36. Qc1 Qxh3 37. Rb4 Qf3 38. Rf4 Qe2 39. Qd2 Qxe5 40. Qe3 Qg5 41. Rxd3 1-0

[Event "Steinfurt Bezirksliga 1314"]
[Site "Germany"]
[Date "2014.02.15"]
[Round "6.1"]
[White "Santos Brito, Daniel"]
[Black "Van Dijk, Guido"]
[Result "0-1"]
[WhiteElo "1948"]
[BlackElo "1716"]
[PlyCount "86"]
[EventDate "2013.09.14"]
[EventType "team-tourn"]
[EventRounds "9"]
[EventCountry "GER"]
[SourceTitle "EXT 2015"]
[Source "ChessBase"]
[SourceDate "2014.11.20"]
[SourceVersion "1"]
[SourceVersionDate "2014.11.20"]
[SourceQuality "1"]
[WhiteTeam "Neuenkirchen II"]
[BlackTeam "Rheine Klein Berlin II"]
[WhiteTeamCountry "GER"]
[BlackTeamCountry "GER"]

1. e4 c6 2. d4 d5 3. exd5 cxd5 4. Bd3 Nc6 5. c3 Nf6 6. Ne2 Bg4 7. f3 Bh5 8. Nf4 Bg6 9. Nxg6 hxg6 10. Qa4 a6 11. f4 e6 12. 0-0 Bd6 13. Qd1 Qc7 14. Qf3 g5 15. h3 Nh5 16. fxg5 Bh2+ 17. Kf2 0-0-0 18. Be3 f6 19. Ke1 e5 20. Bf5+ Kb8 21. Kd1 Qb6 22. b3 e4 23. Qe2 Ka8 24. Qd2 Qb5 25. Rf2 Bg3 26. Re2 Bh4 27. Bg4 Ng3 28. Re1 Nf1 29. Be2 Nxd2 30. Bxb5 Nxb1 31. Rxb1 Bxe1 32. Bxc6 Bxc3 33. Rc1 Bb4 34. gxf6 gxf6 35. Ke2 bxc6 36. Rxc6 Rd6 37. Rc7 Kb8 38. Rg7 Rc6 39. Rd7 Rhc8 40. Bf4+ Ka8 41. Rxd5 Rc2+ 42. Kf1 Bd2 43. Bg3 Bg5 0-1

[Event "Muensterland Verbandsklasse-B 1213"]
[Site "Germany"]
[Date "2012.12.15"]
[Round "4.2"]
[White "Van Dijk, Guido"]
[Black "Schroer, Klaus"]
[Result "0-1"]
[WhiteElo "1749"]
[BlackElo "1987"]
[PlyCount "74"]
[EventDate "2012.09.15"]
[EventType "team-tourn"]
[EventRounds "9"]
[EventCountry "GER"]
[SourceTitle "EXT 2015"]
[Source "ChessBase"]
[SourceDate "2014.11.20"]
[SourceVersion "1"]
[SourceVersionDate "2014.11.20"]
[SourceQuality "1"]
[WhiteTeam "Rheine Klein Berlin II"]
[BlackTeam "Borken"]
[WhiteTeamCountry "GER"]
[BlackTeamCountry "GER"]

1. d4 Nf6 2. Bf4 e6 3. Nf3 Be7 4. h3 0-0 5. e3 b6 6. Be2 Bb7 7. 0-0 Nh5 8. Bh2 f5 9. Ne5 Nf6 10. c4 d6 11. Nd3 c5 12. Nc3 Qc8 13. Bf3 Ne4 14. d5 Nxc3 15. bxc3 e5 16. e4 f4 17. Bg4 Qe8 18. Be6+ Kh8 19. Qg4 h5 20. Qf3 Na6 21. g4 Nc7 22. gxh5 Nxe6 23. dxe6 Bf6 24. Rfe1 Qxe6 25. Nb2 Rad8 26. Rad1 Be7 27. Kh1 Bc8 28. Rd3 Rf6 29. Rg1 Rh6 30. Rg6 Rxg6 31. hxg6 Qxg6 32. Rd1 Qh7 33. Kg2 Rf8 34. h4 Qxh4 35. Rh1 Bg4 36. Qd3 Be2 37. Qd5 Qg5+ 0-1

[Event "Muensterland Verbandsklasse-B 1213"]
[Site "Germany"]
[Date "2012.11.17"]
[Round "3.2"]
[White "Lemli, Thomas"]
[Black "Van Dijk, Guido"]
[Result "1-0"]
[WhiteElo "1986"]
[BlackElo "1749"]
[PlyCount "29"]
[EventDate "2012.09.15"]
[EventType "team-tourn"]
[EventRounds "9"]
[EventCountry "GER"]
[SourceTitle "EXT 2015"]
[Source "ChessBase"]
[SourceDate "2014.11.20"]
[SourceVersion "1"]
[SourceVersionDate "2014.11.20"]
[SourceQuality "1"]
[WhiteTeam "Emsdetten Rochade"]
[BlackTeam "Rheine Klein Berlin II"]
[WhiteTeamCountry "GER"]
[BlackTeamCountry "GER"]

1. Nf3 d5 2. d4 Bf5 3. c4 c6 4. cxd5 cxd5 5. Qb3 b6 6. Nc3 e6 7. e4 dxe4 8. Bb5+ Ke7 9. Ne5 Qxd4 10. Bc6 Qxe5 11. Bxa8 Kf6 12. Be3 Nd7 13. 0-0-0 Nc5 14. Qc4 Nd3+ 15. Rxd3 1-0

[Event "Muensterland Verbandsklasse-B 1112"]
[Site "Germany"]
[Date "2012.04.21"]
[Round "8.3"]
[White "Ter Horst, Carsten"]
[Black "Van Dijk, Guido"]
[Result "1-0"]
[WhiteElo "1825"]
[BlackElo "1747"]
[PlyCount "67"]
[EventDate "2011.09.17"]
[EventType "team-tourn"]
[EventRounds "9"]
[EventCountry "GER"]
[SourceTitle "EXT 2013"]
[Source "ChessBase"]
[SourceDate "2012.11.22"]
[SourceVersion "1"]
[SourceVersionDate "2012.11.22"]
[SourceQuality "1"]
[WhiteTeam "Stadtlohn"]
[BlackTeam "Rheine Klein Berlin II"]
[WhiteTeamCountry "GER"]
[BlackTeamCountry "GER"]

1. e4 c6 2. d4 d5 3. exd5 cxd5 4. Bd3 Nc6 5. c3 Nf6 6. Bf4 Qb6 7. Qc2 Bg4 8. Nd2 Rc8 9. Ngf3 e6 10. 0-0 Be7 11. Rae1 Bxf3 12. Nxf3 0-0 13. Qb1 g6 14. Ne5 Nxe5 15. dxe5 Nd7 16. Re3 Rfd8 17. h4 Bxh4 18. Rh3 Be7 19. g3 Bf8 20. Kg2 Bg7 21. Rfh1 Nf8 22. Bh6 Bxe5 23. Bxf8 Kxf8 24. Rxh7 f5 25. Qc1 Bg7 26. Qg5 Kf7 27. R1h6 e5 28. Bxf5 Rc6 29. Bxg6+ Rxg6 30. Rxg7+ Rxg7 31. Qf5+ Kg8 32. Rxb6 axb6 33. Qxe5 b5 34. Qe6+ 1-0

[Event "Muensterland Verbandsklasse-B 0910"]
[Site "Germany"]
[Date "2010.02.20"]
[Round "7.3"]
[White "Rensmann, Jochen"]
[Black "Van Dijk, Guido"]
[Result "1/2-1/2"]
[WhiteElo "1778"]
[BlackElo "1826"]
[PlyCount "45"]
[EventDate "2009.09.19"]
[EventType "team-tourn"]
[EventRounds "9"]
[EventCountry "GER"]
[SourceTitle "EXT 2011"]
[Source "ChessBase"]
[SourceDate "2010.11.26"]
[SourceVersion "1"]
[SourceVersionDate "2010.11.26"]
[SourceQuality "1"]
[WhiteTeam "Stadtlohn"]
[BlackTeam "Rheine Klein Berlin II"]
[WhiteTeamCountry "GER"]
[BlackTeamCountry "GER"]

1. d4 d5 2. Nf3 Nf6 3. c4 c6 4. g3 e6 5. Bg2 Bb4+ 6. Bd2 Qa5 7. a3 Bxd2+ 8. Qxd2 Qxd2+ 9. Nbxd2 0-0 10. 0-0 Nbd7 11. Rac1 a5 12. Rfe1 h6 13. e4 dxe4 14. Nxe4 Nxe4 15. Rxe4 Rd8 16. Ree1 a4 17. Red1 Nf6 18. Ne5 Bd7 19. d5 cxd5 20. cxd5 exd5 21. Bxd5 Nxd5 22. Rxd5 Be6 23. Rb5 1/2-1/2